Ground-water resources of Matagorda County, Texas, (Record no. 28374)

MARC details
000 -LEADER
fixed length control field 00829cam a22002411 4500
001 - CONTROL NUMBER
control field gs 49000140
003 - CONTROL NUMBER IDENTIFIER
control field DLC
005 - DATE AND TIME OF LATEST TRANSACTION
control field 20260227111355.0
008 - FIXED-LENGTH DATA ELEMENTS--GENERAL INFORMATION
fixed length control field 761116s1949 txu 000 0 eng
010 ## - LIBRARY OF CONGRESS CONTROL NUMBER
LC control number gs 49000140
035 ## - SYSTEM CONTROL NUMBER
System control number (OCoLC)2560626
040 ## - CATALOGING SOURCE
Original cataloging agency DLC
Transcribing agency Tx
Modifying agency OCoLC
-- DLC
042 ## - AUTHENTICATION CODE
Authentication code premarc
050 00 - LIBRARY OF CONGRESS CALL NUMBER
Classification number GB1025.T4
Item number A5 1949
082 ## - DEWEY DECIMAL CLASSIFICATION NUMBER
Classification number 551.49
110 2# - MAIN ENTRY--CORPORATE NAME
Corporate name or jurisdiction name as entry element Texas Water Commission.
245 10 - TITLE STATEMENT
Title Ground-water resources of Matagorda County, Texas,
Statement of responsibility, etc. by R. W. Sundstrom, G. H. Cromack, and N. N. West. Prepared in cooperation with the United States Dept. of the Interior, Geological Survey.
260 ## - PUBLICATION, DISTRIBUTION, ETC.
Place of publication, distribution, etc. [Austin]
Date of publication, distribution, etc. 1949.
300 ## - PHYSICAL DESCRIPTION
Extent 39 p.
Other physical details maps.
Dimensions 27 cm.
650 #0 - SUBJECT ADDED ENTRY--TOPICAL TERM
Topical term or geographic name entry element Groundwater
Geographic subdivision Texas
-- Matagorda County.
650 #0 - SUBJECT ADDED ENTRY--TOPICAL TERM
Topical term or geographic name entry element Water-supply
Geographic subdivision Texas
-- Matagorda County.
700 1# - ADDED ENTRY--PERSONAL NAME
Personal name Sundstrom, Raymond W.,
Dates associated with a name 1904-

No items available.

Powered by Koha